| 000 | 00493nam a2200193Ia 4500 | ||
|---|---|---|---|
| 005 | 20250326142624.0 | ||
| 008 | 250326s9999 xx 000 0 und d | ||
| 037 | _aTextbook | ||
| 040 |
_aFMSL _beng _cFMSL |
||
| 041 |
_aeng _2eng |
||
| 084 | _qFMSL | ||
| 100 |
_aVanhorne JC _9746282 |
||
| 245 | 0 |
_aFicial Management and policy _cVanhorne JC |
|
| 250 | _aEd 9 | ||
| 260 |
_aNew Delhi _bNew Delhi, Prentice-Hall _c1992 |
||
| 300 | _a854p | ||
| 942 | _cTB | ||
| 999 |
_c1295872 _d1295872 |
||